Know thy life / (Record no. 144897)

MARC details
000 -LEADER
fixed length control field 00490nam a22001697a 4500
010 ## - LCCN (DPL NO)
LC control number ENG-120700
020 ## - INTERNATIONAL STANDARD BOOK NUMBER
International Standard Book Number 9788192854434
Terms of availability 599.00
035 ## - SYSTEM CONTROL NUMBER
System control number EN-104232
037 ## - SOURCE OF ACQUISITION
Source of stock number/acquisition DBAD/PUB
082 ## - DEWEY DECIMAL CLASSIFICATION NUMBER
Classification number 180
100 ## - MAIN ENTRY--PERSONAL NAME
Personal name Rajput, T.S.
245 ## - TITLE STATEMENT
Title Know thy life /
Statement of responsibility, etc by T.S. Rajput
260 ## - PUBLICATION, DISTRIBUTION, ETC. (IMPRINT)
Place of publication, distribution, etc Delhi
Name of publisher, distributor, etc Lexicon Publishing House
Date of publication, distribution, etc 2017
270 ## - ADDRESS
Address Plot No,289, Shri Ram Mandir Lane, Sant Nagar,
City Delhi
Postal code 110084
300 ## - PHYSICAL DESCRIPTION
Extent 181p.
Other physical details 21cm(Hb).
942 ## - ADDED ENTRY ELEMENTS (KOHA)
Source of classification or shelving scheme Dewey Decimal Classification
Item type English Books
Classification part 180
Call number suffix RAJ
Holdings
Withdrawn status Lost status Not for loan Collection code Home library Current library Date acquired Source of acquisition Cost, normal purchase price Full call number Barcode Copy number Cost, replacement price Koha item type
    Not For Loan Non-fiction D.B.Act.Division D.B.Act.Division 19/09/2017 DBAD/PUB 599.00 180 RAJ EN-104232 1 599.00 English Books

© Delhi Public Library
Hit Counter
free hit counter